[Event "Siracusa op 2nd"]
[Site "Siracusa"]
[Date "2007.09.05"]
[Round "5"]
[White "Cultrera, Salvatore"]
[Black "Ferrigno, Vincenzo"]
[Result "1/2-1/2"]
[WhiteElo "1681"]
[BlackElo "1754"]
[PlyCount "70"]
[EventDate "2007.09.02"]
[EventType "swiss"]
[EventRounds "9"]
[EventCountry "ITA"]
[SourceTitle "EXT 2010"]
[Source "ChessBase"]
[SourceDate "2010.11.25"]
[SourceVersion "1"]
[SourceVersionDate "2010.11.25"]
[SourceQuality "1"]

1. d4 d5 2. c4 c6 3. Nc3 Nf6 4. Nf3 e6 5. Bg5 Be7 6. e3 Nbd7 7. Bd3 0-0 8. 0-0 Re8 9. cxd5 exd5 10. Qc2 Nf8 11. h3 Be6 12. a3 a6 13. b4 b5 14. Ne2 Rc8 15. Rfc1 h6 16. Bh4 N8d7 17. Nf4 Ne4 18. Nxe6 fxe6 19. Bxe7 Qxe7 20. Bxe4 dxe4 21. Qxe4 Nf6 22. Qd3 Nd7 23. Rc3 Rc7 24. Rac1 Rec8 25. Qe4 Nf6 26. Qh4 Qf8 27. Ne5 g5 28. Qg3 Ne4 29. Qf3 Qxf3 30. gxf3 Nxc3 31. Rxc3 Kg7 32. Nd3 Kf6 33. Kg2 Ra8 34. Ne5 Rac8 35. Ng4+ Kg6 1/2-1/2

[Event "Siracusa op 2nd"]
[Site "Siracusa"]
[Date "2007.09.05"]
[Round "4"]
[White "Tumino, Andrea"]
[Black "Cultrera, Salvatore"]
[Result "1/2-1/2"]
[WhiteElo "1637"]
[BlackElo "1681"]
[PlyCount "78"]
[EventDate "2007.09.02"]
[EventType "swiss"]
[EventRounds "9"]
[EventCountry "ITA"]
[SourceTitle "EXT 2010"]
[Source "ChessBase"]
[SourceDate "2010.11.25"]
[SourceVersion "1"]
[SourceVersionDate "2010.11.25"]
[SourceQuality "1"]

1. e4 d5 2. exd5 Qxd5 3. Nc3 Qa5 4. d4 Nf6 5. Bd2 c6 6. Be2 Qb6 7. Nf3 Bg4 8. Na4 Qd8 9. Nc5 Qb6 10. 0-0 Nbd7 11. Nd3 Bxf3 12. Bxf3 Qxd4 13. Bc3 Qb6 14. Nf4 e6 15. Qe2 0-0-0 16. b4 Bd6 17. Nd3 Qc7 18. h3 h5 19. Bd4 Kb8 20. Qe3 b6 21. Nb2 Be5 22. Bxe5 Nxe5 23. Nd3 Nxf3+ 24. Qxf3 Rd5 25. a4 Rf5 26. Qe3 g5 27. c4 h4 28. c5 g4 29. cxb6 axb6 30. a5 b5 31. Nc5 Qa7 32. hxg4 Nxg4 33. Qd4 Ne5 34. Rfd1 Rg8 35. Kf1 h3 36. gxh3 Nf3 37. Qd8+ Rxd8 38. Rxd8+ Kc7 39. Rd7+ Kb8 1/2-1/2

[Event "Cutro op-B 12th"]
[Site "Cutro"]
[Date "2006.04.26"]
[Round "4"]
[White "Cultrera, Salvatore"]
[Black "Fagotto, Roberto"]
[Result "1/2-1/2"]
[WhiteElo "1685"]
[BlackElo "1940"]
[PlyCount "114"]
[EventDate "2006.04.23"]
[EventType "swiss"]
[EventRounds "9"]
[EventCountry "ITA"]
[SourceTitle "EXT 2007"]
[Source "ChessBase"]
[SourceDate "2006.11.23"]
[SourceVersion "1"]
[SourceVersionDate "2006.11.23"]
[SourceQuality "1"]

1. d4 Nf6 2. Nf3 d5 3. c4 c6 4. Nc3 Bf5 5. Nh4 Bg6 6. cxd5 cxd5 7. Qb3 Qd7 8. Nxg6 hxg6 9. g3 Nc6 10. e3 a6 11. Na4 Qc7 12. Nb6 Rd8 13. Bd2 e6 14. Bg2 Nd7 15. Nxd7 Qxd7 16. Rc1 Rc8 17. Qc2 Na7 18. Qb1 Rxc1+ 19. Qxc1 Be7 20. 0-0 0-0 21. f4 Rc8 22. Qb1 f5 23. h4 Nb5 24. Bf3 Kf7 25. Kg2 Nd6 26. Be1 Qc6 27. Bc3 Nb5 28. Be1 Qc2+ 29. Qxc2 Rxc2+ 30. Rf2 Rc6 31. g4 Bxh4 32. Re2 Bxe1 33. Rxe1 Nd6 34. Re2 b5 35. b3 b4 36. Rb2 Rc3 37. Kf2 a5 38. g5 Rc8 39. Ke2 Nb5 40. Kd2 Rh8 41. Kc1 Nc3 42. Rf2 Rh3 43. Kb2 Rg3 44. a3 Rg1 45. axb4 axb4 46. Kc2 Ra1 47. Rg2 Re1 48. Kd2 Rf1 49. Be2 Ra1 50. Bf3 Rf1 51. Be2 Nxe2 52. Rxe2 Ra1 53. Kd3 Rc1 54. Rc2 Rb1 55. Rc7+ Kf8 56. Kc2 Re1 57. Kd2 Rb1 1/2-1/2

[Event "Cutro op-B 12th"]
[Site "Cutro"]
[Date "2006.04.24"]
[Round "2"]
[White "Cultrera, Salvatore"]
[Black "Rizzuti, Pasquale"]
[Result "0-1"]
[WhiteElo "1685"]
[BlackElo "1847"]
[PlyCount "58"]
[EventDate "2006.04.23"]
[EventType "swiss"]
[EventRounds "9"]
[EventCountry "ITA"]
[SourceTitle "EXT 2007"]
[Source "ChessBase"]
[SourceDate "2006.11.23"]
[SourceVersion "1"]
[SourceVersionDate "2006.11.23"]
[SourceQuality "1"]

1. d4 Nf6 2. Nf3 g6 3. c3 Bg7 4. Bf4 d6 5. Qd2 0-0 6. Bh6 Ne4 7. Qe3 f5 8. Bxg7 Kxg7 9. Nbd2 Nxd2 10. Qxd2 Nd7 11. e3 Nf6 12. Bd3 b6 13. Ng5 h6 14. Nh3 e5 15. dxe5 dxe5 16. 0-0-0 Be6 17. Kb1 Qd5 18. f3 Qxa2+ 19. Kc1 Rfd8 20. Qe2 Bb3 21. Rd2 a5 22. Bb1 Qa1 23. g4 fxg4 24. fxg4 Ne4 25. Rxd8 Rxd8 26. Qf3 Rd2 27. Qf7+ Kxf7 28. Ng5+ hxg5 29. Rf1+ Ke6 0-1